Type numbers 1 to 150 - Statistics

General Stats
  • This quiz has been taken 2,119 times
  • The average score is 109 of 150
Answer Stats
Hint Answer % Correct
1
100%
2
100%
3
99%
4
99%
5
98%
6
98%
7
98%
8
97%
9
97%
10
96%
11
95%
12
94%
13
94%
14
93%
15
93%
16
92%
17
92%
18
92%
19
92%
20
91%
21
91%
23
91%
24
91%
22
90%
25
90%
26
90%
27
90%
28
90%
29
89%
31
89%
32
89%
34
89%
30
88%
35
88%
39
88%
33
87%
36
87%
37
87%
38
87%
41
87%
43
87%
45
87%
46
87%
47
87%
40
86%
42
86%
44
86%
48
86%
51
86%
49
85%
50
85%
53
85%
54
85%
52
84%
56
84%
57
84%
58
84%
55
83%
59
83%
60
83%
61
83%
64
83%
65
83%
62
82%
63
82%
67
82%
70
82%
66
81%
68
81%
71
81%
76
81%
77
81%
78
81%
69
80%
72
80%
73
80%
74
80%
75
80%
79
80%
80
80%
81
80%
82
79%
83
78%
84
78%
85
78%
86
78%
87
78%
88
78%
90
78%
89
77%
91
77%
92
77%
94
76%
100
75%
93
75%
95
75%
98
75%
99
75%
96
74%
97
74%
101
70%
102
70%
103
68%
104
67%
105
66%
106
65%
107
64%
108
64%
109
63%
110
63%
112
61%
111
60%
113
60%
114
58%
116
58%
117
58%
115
57%
120
57%
118
56%
119
55%
121
53%
123
53%
122
50%
124
49%
125
48%
126
47%
127
46%
128
45%
129
44%
130
43%
131
41%
132
38%
134
37%
133
36%
135
34%
136
32%
137
32%
140
32%
138
30%
139
30%
141
30%
142
28%
144
27%
143
26%
145
26%
150
26%
146
24%
147
23%
148
22%
149
21%
No matching quizzes found
Score Distribution
Percent of People with Each Score
Percentile by Number Answered
Your Score History
You have not taken this quiz